00528nam a22001697a 450000500170000001000170001702000260003403500170006003700210007708200110009810000200010924500880012926000350021727000670025230000200031950000190033920140610115252.0 aB-504767-775 a9780670086399c499.00 aB-504767-775 adplbK.K.Pub/Ven a911.54 aSanyal, Sanjeev aLand of the Seven Rivers:ba brief history of India's geography/cby Sanjeev Sanyal aNew DelhibPenguin Booksc2012 a11 Community Centre, Panchsheel ParkbNew Delhie110017, India a331p.c21cm(Hb) aincludes index